000 03184cam a2200313 4500500
005 20251228051817.0
041 _afre
042 _adc
100 1 0 _aKalflèche, Grégory
_eauthor
245 0 0 _aChronique de droit de l’urbanisme
260 _c2022.
500 _a33
520 _aLa planification urbanistique a fait l’objet, en 2021, de nombreuses évolutions visant à la prise en compte des objectifs environnementaux. On a ainsi pu voir des réflexions sur les friches industrielles, sur le nouveau « Patrimoine sensoriel des campagnes françaises », ainsi que l’annulation de plusieurs PLU intercommunaux pour des raisons environnementales. De la souplesse a aussi été introduite avec des possibilités de construire dans les zones inconstructibles, mais seulement pour des annexes de bâtiments, ou encore sur la notion de logement social distinct de la notion d’hébergement. Le contrôle sur les études d’impact a, lui aussi, été précisé, notamment sur la qualité des études scientifiques qui en sont le support. Enfin, le contentieux de l’urbanisme a bénéficié de plusieurs précisions concernant les articles L. 600-5 et L. 600-5-1 C. urb., une série de jurisprudences encadrant ces obligations soit de rectifier un permis annulé partiellement, soit de suspendre le jugement afin d’effectuer la rectification en cours d’instance permettent de mieux en voir les contours.
520 _aDuring 2021, urban planning evolved towards a better understanding of environmental objectives. It led to reflections on industrial wastelands, on the new "Sensory heritage of the French Countryside" and to the invalisation of several inter-municipal land planning documents for environmental reasons. However, the judge recognized the possibility to build in unbuildable areas, but only for annexes to buildings, and differentiated the notion of social housing from accommodation. The control over Environmental impact assessment has also been clarified, particularly with regard to the quality of the scientific studies that support them. At last, several clarifications have been made to urban planning litigation regarding articles L. 600-5 and L. 600-5-1 of the urban Code: series of cases framing these obligations to rectify either a partially invalidated permit or to suspend the effect of the court decision in order to carry out the rectification during the course of the proceedings allows a better understanding of these procedures.
690 _acarte communale
690 _aenquête publique
690 _aévaluation environnementale
690 _afriches industrielles
690 _apatrimoine sensoriel des campagnes françaises
690 _aplanification
690 _aPLU intercommunaux
690 _aenvironmental impact assessment
690 _aland planning
690 _apublic enquiry
690 _asensory heritage of the French countryside
690 _awasteland
786 0 _nRevue juridique de l’environnement | Volume 47 | 1 | 2022-03-21 | p. 153-164 | 0397-0299
856 4 1 _uhttps://droit.cairn.info/revue-juridique-de-l-environnement-2022-1-page-153?lang=fr&redirect-ssocas=7080
999 _c1582359
_d1582359